000 00431nam a2200181Ia 4500
001 8754
005 20260306160633.0
008 260306t2006||||xx |||||||||||||| ||spa||
041 _aESP
082 _a371.30281
_bM52
100 _aMicolini, Armando
_eAUT
245 0 _aCompetencias para un estudio eficaz
260 _c2006
300 _a174 páginas :
_c21 cm.
650 _aGEN
654 _aCED
942 _cLIB
_dJUS
_fJUS
_2ddc
_n
999 _c8754
_d8754